The family 2002/2003

保存先:
書誌詳細
フォーマット: 図書
言語:Undetermined
出版事項: Guilford McGraw-Hill/Dushkin 2002
主題:
タグ: タグ追加
タグなし, このレコードへの初めてのタグを付けませんか!
Thư viện lưu trữ: Trung tâm Học liệu Trường Đại học Cần Thơ
LEADER 00479nam a2200181Ia 4500
001 CTU_109614
008 210402s9999 xx 000 0 und d
082 |a 658.05 
082 |b F198 
245 4 |a The family 2002/2003 
245 0 |c Editor Kathleen R. Gilbert 
260 |a Guilford 
260 |b McGraw-Hill/Dushkin 
260 |c 2002 
650 |a The family 
650 |z United states 
904 |i Năm, Q. Hieu 
980 |a Trung tâm Học liệu Trường Đại học Cần Thơ